000 00320nam a22001337a 4500
008 170823b xxu||||| |||| 00| 0 eng d
020 _a9780387904221
041 _aeng
080 _a51
100 _a38
101 _aMAT
245 _aCOMPLEX MANIFOLDS WITHOUT POTENTIAL THEORY
_cCHERN.SH.SH
942 _2udc
_cBK
999 _c24718
_d24718